Statistics for Countries that have Changed their Capital

Click here to take the quiz!

General Stats

  • This quiz has been taken 48 times
    (16 since last reset)
  • The average score is 5 of 17

Answer Stats

YearCity% Correct
1960Brasília
63%
1991Abuja
63%
1998Nur-Sultan
56%
2005Naypyidaw
50%
1982Sri Jayawardenepura Kotte
38%
2018Gitega
38%
1967Islamabad
38%
1974Dodoma
31%
1970Belmopan
31%
1976Manila
25%
1983Yamoussoukro
19%
1975Lilongwe
6%
2006Ngerulmud
6%
1974Bissau
0%
1964Gaborone
0%
1989Palikir
0%
1970Muscat
0%

Score Distribution

Percentile by Number Answered

Percent of People with Each Score

Your Score History

You have not taken this quiz since the last reset